JUVENILE DELINQUENCY7: THE CORE (Record no. 215837)

MARC details
000 -LEADER
fixed length control field 00580nam a22001937a 4500
008 - FIXED-LENGTH DATA ELEMENTS--GENERAL INFORMATION
fixed length control field 250708b |||||||| |||| 00| 0 eng d
020 ## - INTERNATIONAL STANDARD BOOK NUMBER
International Standard Book Number 978-0-495-81263-0
050 ## - LIBRARY OF CONGRESS CALL NUMBER
Classification number HV 9104 .S54 2011
100 ## - MAIN ENTRY--PERSONAL NAME
Personal name SIEGEL, LARRY J.
245 ## - TITLE STATEMENT
Title JUVENILE DELINQUENCY7: THE CORE
250 ## - EDITION STATEMENT
Edition statement 4
260 ## - PUBLICATION, DISTRIBUTION, ETC.
Place of publication, distribution, etc. BELMONT, CA,
Name of publisher, distributor, etc. WADSWORTH/CENGAGE LEARNING
Date of publication, distribution, etc. 2011
300 ## - PHYSICAL DESCRIPTION
Extent XXI, 457 P.: ILL.
500 ## - GENERAL NOTE
General note INCLUDES BIBLIOGRAPHICAL REFERENCES AND INDEX
650 ## - SUBJECT ADDED ENTRY
Topical term or geographic name entry element JUVENILE DELINQUENCY--UNITED STATES
700 ## - ADDED ENTRY--PERSONAL NAME
Personal name WELSH, BRANDON C.
942 ## - ADDED ENTRY ELEMENTS (KOHA)
Source of classification or shelving scheme Library of Congress Classification
Koha item type Long Loan Book
Holdings
Withdrawn status Lost status Source of classification or shelving scheme Damaged status Not for loan Collection Home library Current library Shelving location Date acquired Inventory number Total checkouts Full call number Barcode Date last seen Copy number Price effective from Koha item type Date last checked out
    Library of Congress Classification     Arts & Social Sciences Kisii University Library Kisii University Library On Display 07/08/2025 108859   HV 9104 .S54 2011 000000023728 07/08/2025 1 07/08/2025 Long Loan Book  
    Library of Congress Classification     Arts & Social Sciences Kisii University Library Kisii University Library On Display 07/08/2025 108860   HV 9104 .S54 2011 000000023727 07/08/2025 2 07/08/2025 Long Loan Book  
    Library of Congress Classification     Arts & Social Sciences Kisii University Library Kisii University Library On Display 07/08/2025 108861 1 HV 9104 .S54 2011 000000023726 12/14/2025 3 07/08/2025 Long Loan Book 11/30/2025
    Library of Congress Classification     Arts & Social Sciences Kisii University Library Kisii University Library On Display 07/08/2025 108862   HV 9104 .S54 2011 000000023725 07/08/2025 4 07/08/2025 Long Loan Book